00335nam a2200133Ia 45000030006000000080041000060400015000471000018000622450051000802500010001312600031001415460012001720050017001840STCL150530s9999 xx 000 0 und d aSTCLcSTCL aFritsch, F.E. aStructure and reproduction of the algae vol II aFirst bCambridge universityc1965 aEnglish20220125170355.0